| 000 | 00471nam a2200193Ia 4500 | ||
|---|---|---|---|
| 005 | 20240823045936.0 | ||
| 008 | 240823s9999||||xx |||||||||||||| ||und|| | ||
| 020 | _a81-7254-034-5 | ||
| 041 | _aENGLISH | ||
| 082 | _A519 Q2 | ||
| 100 | _aKrishnan B N R | ||
| 245 | 0 | _aSolve the problems in short cut Methods | |
| 250 | _a1st | ||
| 260 |
_c2012 _bSura College Compet |
||
| 500 | _aYES | ||
| 650 |
_aSolve the Problems _bMathematics |
||
| 942 | _cBK | ||
| 999 |
_c216119 _d216119 |
||